000 00980cam a2200277 i 4500
001 26457
005 20250607113800.0
008 140415s2009 nyud 000 0 eng d
020 _a9780071547673
_qpasta dura
041 0 _aeng
082 0 4 _a658.562
_bY25
_223
100 1 _aYang, Kai,
_eautor
_93846
245 1 0 _aDesign for six sigma :
_ba roadmap for product development /
_cKai Yang, Basem S. El-Haik
250 _aSecond edition
264 1 _aNew York :
_bMcGraw-Hill,
_c2009
300 _axi, 741 páginas :
_bgráficas ;
_c24 cm
336 _2rdacontent
_atexto
_btxt
337 _2rdamedia
_asin medio
_bn
338 _2rdacarrier
_avolumen
_bnc
650 7 _2armarc
_aControl de calidad
_xMétodos estadísticos
650 7 _2armarc
_aDiseño experimental
700 1 _aEl-Haik, Basem S.,
_eautor
942 _2ddc
_cLI
_h658.562
_iY25
998 _cavdi
999 _c26457
_d26457